000 00779nam a22002057a 4500
999 _c18532
_d18532
008 231128b ||||| |||| 00| 0 eng d
020 _a9781032029948
082 _aDC 070.1068
_22022
_bR399
100 _aRichie, Joseph.
_950224
245 _aAn introduction to film and tv production :
_bfrom concept to market /
_cJoseph Richie and three others.
260 _aNew York :
_bRoutledge,
_c©2022.
300 _axvi, 207 pages :
_billustrations ;
_c22.5 cm.
500 _aIncludes glossary and index.
650 _aMotion pictures
_xProduction and direction.
_950232
650 _aDigital media
_xMarketing.
_950233
700 _aRussell, Karen.
_eauthor.
_950225
700 _aTaylor, Airielle J.
_eauthor.
_950226
700 _aWinston, Tameka.
_eauthor.
_950227
942 _2ddc
_cDC